LDR 00726naa#a2200169#i#450# 001 RU\INFRA-M\bibl\5365 005 20260414202814.2 011 ## _a2226-7867 100 ## _a20150317b2015####ek#y0rusy0150####ca 101 0# _aRUS 102 ## _aRU 200 1# _aНравственное и духовное развитие личности в глобальном обществе _eЖурнальная статья 210 1# _aМосква _cОбщество с ограниченной ответственностью «Научно-издательский центр ИНФРА-М» _d2015 215 ## _a6 с. 608 ## _aЖурнальная статья _2local 700 #1 _aИоселиани _gАза Давидовна 856 4# _anaukaru.ru _u